| 000 | 00545nam a22001937a 4500 | ||
|---|---|---|---|
| 003 | MPLRDC | ||
| 005 | 20220105061118.0 | ||
| 008 | 210129b ||||| |||| 00| 0 eng d | ||
| 020 | _a957-19-2116-5 | ||
| 082 | _a220.21 LJF | ||
| 100 | _a兰吉富 | ||
| 245 |
_a佛教史料学 _c |
||
| 250 | _a初版二刷 | ||
| 260 |
_a台湾 _b东大图书股份有限公司 _c2001 |
||
| 300 | _b平 | ||
| 520 | _a上架 2017-07-06。 2017-11-04 弄湿少许--pg.封面背页右下方(4902)。 | ||
| 650 | _a佛教书目 | ||
| 942 |
_cBK _o220.21 LJF |
||
| 999 |
_c68987 _d68977 |
||